000 00701cam a22002051 4500
001 sa 68006689
003 DLC
005 20260227112518.0
008 710915s1955 ii 100 0 eng
010 _asa 68006689
040 _aDLC
_cDLC
_dDLC
043 _aa-ii---
_aa-pk---
050 0 0 _aPK1708
_b.S2 1953
111 2 _aSantiniketan Sahityamela,
_cShānti Niketan, India,
_d1953.
245 1 0 _aBengali literature since independence.
_cEdited by Lila Ray.
260 _a[Santiniketan,
_bPublished for and on behalf of the Sahityamela by the Treasurer, S. Basu,
_c1955]
300 _a24 p.
_c25 cm.
650 0 _aBengali literature
_y20th century
_xHistory and criticism.
700 1 _aRay, Lila,
_eed.
999 _c81450
_d81450